000 01328nam a22002297a 4500
005 20100806111151.0
010 _aHIN-90016
020 _c80.00
_a8187171979
035 _aHN-62362
037 _bDBAD / PUB
082 _a307
245 _aलोकतांत्रिक विद्यालय:
_cमाइकल डब्ल्यू. एपल और जेम्स ए. बीन द्वारा संपादित
_bकक्षा से सीखे सबक /
246 _aLoktantarik Vidhyalaya
_bEdited by Michel W. Aple Aur James A. Bean
260 _aभोपाल (म.प्र.)
_bएकलव्य प्रकाशऩ
_c2007
270 _aई-7/एचआईजी 453, अरेरा कॉलोनी
_bभोपाल (म.प्र.)
_e462016
_k0755-2463380
_l0755-2461703
300 _a136पृ
_c22सेमी (सजिल्द)
500 _aस्वयं प्रकाश द्वारा अँग्रेजी से अनुदित
700 _97228
_aमाइकल डब्ल्यू. एपल
700 _97267
_aजेम्स ए. बीन
942 _adpl
_cHN
_k
_2ddc
_mलोकतां
_h307
999 _c39650
_d39650